Gaming Quiz

Random Gaming or Pokémon Quiz

Dragon-Type Pokemon Quiz Stats

Quiz not verified by Sporcle

Challenge
Share
Tweet
Embed
Score 0/19 Timer 05:00
0 Plays Today
Pokedex No. Pokemon % Correct
148Dragonair
99.3%
149Dragonite
99.3%
147Dratini
98.6%
230Kingdra
84.1%
484Palkia
84.1%
373Salamence
82.6%
483Dialga
82.6%
487Giratina
81.2%
371Bagon
80.4%
380Latias
80.4%
Pokedex No. Pokemon % Correct
381Latios
80.4%
330Flygon
79.7%
372Shelgon
78.3%
445Garchomp
78.3%
443Gible
76.8%
384Rayquaza
74.6%
329Vibrava
73.2%
444Gabite
73.2%
334Altaria
71.7%

You're not logged in!

Compare scores with friends on all Sporcle quizzes.
Join for Free
OR
Log In

You Might Also Like...

Show Comments

Extras

Created Jun 6, 2010ReportNominate
Tags:Pokémon Quiz

Top Quizzes Today


Score Distribution

Your Account Isn't Verified!

In order to create a playlist on Sporcle, you need to verify the email address you used during registration. Go to your Sporcle Settings to finish the process.

Report this User

Report this user for behavior that violates our Community Guidelines.

Details: